| 000 | 00736nam a22002055i 4500 | ||
|---|---|---|---|
| 001 | 169806 | ||
| 003 | ES-MaACL | ||
| 005 | 20250521063440.0 | ||
| 008 | 081201s1897 fr |||| | fre d | ||
| 080 | _a782.1 | ||
| 100 | 1 |
_aWagner, Richard, _d1813-1883 _9240522 |
|
| 245 | 1 | 0 |
_aTannhauser _b: opéra en trois actes, quatre tableaux / _cRichard Wagner ; paroles françaises de M. Charles Nuitter. |
| 250 | _aNouvelle édition conforme á la representation. | ||
| 260 |
_aParis : _bP.- V. Stock, _c1897. |
||
| 300 |
_a46 p. ; _c18 cm. |
||
| 500 | _aSolo el texto. | ||
| 700 | 1 |
_aNuitter, Charles. _9130548 |
|
| 852 |
_aES-MaACL _jE-12286(4) _9R.144186 _z.- Biblioteca Jacinto Martínez Lacalle |
||
| 999 |
_c169806 _d169806 |
||